<?xml version="1.0" encoding="UTF-8"?>
<record
    xmlns:xsi="http://www.w3.org/2001/XMLSchema-instance"
    xsi:schemaLocation="http://www.loc.gov/MARC21/slim http://www.loc.gov/standards/marcxml/schema/MARC21slim.xsd"
    xmlns="http://www.loc.gov/MARC21/slim">

  <leader>01821nam a22001697a 4500</leader>
  <controlfield tag="008">160111b        xxu||||| |||| 00| 0 eng d</controlfield>
  <datafield tag="082" ind1=" " ind2=" ">
    <subfield code="a">709.2</subfield>
    <subfield code="b">A474m</subfield>
  </datafield>
  <datafield tag="100" ind1=" " ind2=" ">
    <subfield code="a">Alvear, Miguel</subfield>
    <subfield code="9">4409</subfield>
  </datafield>
  <datafield tag="245" ind1=" " ind2=" ">
    <subfield code="a">Mec&#xE1;nica Popular : Obras y proyectos =</subfield>
    <subfield code="b">Popular Mechanics = Works and projects</subfield>
  </datafield>
  <datafield tag="260" ind1=" " ind2=" ">
    <subfield code="a">Cuenca del Ecuador: </subfield>
    <subfield code="b">Centro de Arte Contempor&#xE1;neo, </subfield>
    <subfield code="c">2013</subfield>
  </datafield>
  <datafield tag="300" ind1=" " ind2=" ">
    <subfield code="a">179 p. </subfield>
    <subfield code="b">ill. (col.)</subfield>
    <subfield code="c">23 cm.</subfield>
  </datafield>
  <datafield tag="505" ind1=" " ind2=" ">
    <subfield code="t">La dial&#xE9;ctica de la carambola [Mar&#xED;a Fernanda entrevista a Miguel Alvear] = Logic of lucky chance [Mar&#xED;a Fernanda Cartagena interviews Miguel Alvear]</subfield>
    <subfield code="t">Yo soy la otra [Identidad y alteridad] = I am the other [Identity and otherness]</subfield>
    <subfield code="t">Jos&#xE9; Miguel Alvear Lalley</subfield>
    <subfield code="t">Se&#xF1;as particulares = Personal traits</subfield>
    <subfield code="t">Intercambio cultural = Cultural Exchange</subfield>
    <subfield code="t">UNOxMIL = ONExONETHOUSAND Project</subfield>
    <subfield code="t">Mec-Pop</subfield>
    <subfield code="t">Fantasmagor&#xED;a del Rastro = Phantasmagoria</subfield>
    <subfield code="t">Hoy encontr&#xE9; un lugar = I` ve found a place</subfield>
    <subfield code="t">El patio de los pecadores = The sinners` Courtyard</subfield>
    <subfield code="t">Naufragios, reloaded = Shipwreck, reloaded</subfield>
    <subfield code="t">Cr&#xF3;nicas, reloaded = Chronicles, reloaded</subfield>
    <subfield code="t">M&#xE1;s all&#xE1; del mall [Por un cine menor] = Beyond the mall [Toward a minor cinema]</subfield>
    <subfield code="t">Amina Mar - Amina 2 = Amina Sea - Amina 2</subfield>
    <subfield code="t">Chagruna</subfield>
    <subfield code="t">Camal = Slaughterhouse</subfield>
    <subfield code="t">Rigale = Gimme</subfield>
    <subfield code="t">Intento fallido de videoclip = Failed music video attempt</subfield>
    <subfield code="t">Una tarde en La Merced = An Afternoon at La Merced</subfield>
    <subfield code="t">Conteo Bai = Bai countdown</subfield>
    <subfield code="t">Yo soy yo (o la cara que pongo) = I am the other</subfield>
    <subfield code="t">Mano y cultura creadoras = Creative hands and minds</subfield>
    <subfield code="t">Ecuador bajo tierra = Ecuador underground Project</subfield>
    <subfield code="t">M&#xE1;s all&#xE1; del mall = Beyond the mall</subfield>
    <subfield code="t">Blak Mama </subfield>
    <subfield code="t">Miguel Alvear y la pr&#xE1;ctica de la indisciplina = Miguel Alvear`s In-disciplines</subfield>
  </datafield>
  <datafield tag="546" ind1=" " ind2=" ">
    <subfield code="a">Idiomas ingl&#xE9;s y espa&#xF1;ol.</subfield>
  </datafield>
  <datafield tag="600" ind1=" " ind2=" ">
    <subfield code="a">Alvear Miguel</subfield>
    <subfield code="b">1989-2013</subfield>
    <subfield code="x">Exhibiciones</subfield>
    <subfield code="9">4410</subfield>
  </datafield>
  <datafield tag="600" ind1=" " ind2=" ">
    <subfield code="a">Alvear, Miguel</subfield>
    <subfield code="v">Biograf&#xED;a </subfield>
    <subfield code="x">Obras</subfield>
    <subfield code="9">4411</subfield>
  </datafield>
  <datafield tag="650" ind1=" " ind2=" ">
    <subfield code="a">Arte</subfield>
    <subfield code="z">Ecuador</subfield>
    <subfield code="9">4412</subfield>
  </datafield>
  <datafield tag="999" ind1=" " ind2=" ">
    <subfield code="c">811</subfield>
    <subfield code="d">811</subfield>
  </datafield>
  <datafield tag="952" ind1=" " ind2=" ">
    <subfield code="0">0</subfield>
    <subfield code="1">0</subfield>
    <subfield code="2">ddc</subfield>
    <subfield code="4">0</subfield>
    <subfield code="7">0</subfield>
    <subfield code="a">LV</subfield>
    <subfield code="b">LV</subfield>
    <subfield code="c">Monograf&#xED;as</subfield>
    <subfield code="d">2016-01-11</subfield>
    <subfield code="l">0</subfield>
    <subfield code="o">709.2 A474m</subfield>
    <subfield code="p">004108</subfield>
    <subfield code="r">2016-01-11 00:00:00</subfield>
    <subfield code="w">2016-01-11</subfield>
    <subfield code="y">01</subfield>
  </datafield>
</record>
